Un año empleado público en Chile: libro de profunda sinceridad llamado a despertar la conciencia chilena

Uloženo v:
Podrobná bibliografie
Hlavní autor: Pinochet Le-Brun, Tancredo
Médium: Kniha
Jazyk:španělština
Vydáno: Santiago, Chile Imprenta Universitaria 1915
Témata:
Tagy: Přidat tag
Žádné tagy, Buďte první, kdo vytvoří štítek k tomuto záznamu!

MARC

LEADER 00000nam a2200000 a 4500
001 UCO2114
003 CL-VaPUC
005 20210624001258.0
008 000602e19150000CL |||||||||||||||||spa|d
999 |c 288654  |d 288652 
040 |c Pontificia Universidad Católica de Valparaíso 
082 0 4 |a 983.0099 PIN 1915  |2 21 
100 0 |a Pinochet Le-Brun, Tancredo  |9 444942 
245 1 3 |a Un año empleado público en Chile:  |b  libro de profunda sinceridad llamado a despertar la conciencia chilena 
260 |a Santiago, Chile  |b Imprenta Universitaria  |c 1915 
300 |a 335 páginas 
583 |a last modification  |c 20000602 00:00:00  |k Rodrigo Vera 
650 0 |a Historia de Chile  |9 265473 
650 7 |a MEMORIAS  |2 CL-VaPUC  |9 269159  |z CHILE 
650 0 |a Administración pública   |z CHILE  |9 255343 
650 0 |a Desarrollo cultural  |z CHILE  |9 267526 
852 |a BIBCUR 
942 |c BK  |2 ddc 
945 |d 20000602 00:00:00  |a crobeson 
952 |0 0  |1 0  |2 ddc  |4 0  |6 983_009900000000000_PIN_1915  |7 0  |8 X  |9 336495  |a BIBHIS  |b BIBHIS  |d 2019-11-20  |i 1278932  |o 983.0099 PIN 1915  |p 1278932  |r 2024-01-30  |t 1  |w 2019-11-20  |y BK_X  |k HIS 
952 |0 0  |1 0  |2 ddc  |4 0  |6 983_009900000000000_PIN_1915  |7 0  |8 X  |9 336496  |a FDOBUD  |b FDOBUD  |d 2019-11-20  |i 1009826  |o 983.0099 PIN 1915  |p 1009826  |r 2019-11-20  |t 2  |w 2019-11-20  |y BK_X  |k BUD 
952 |0 0  |1 0  |2 ddc  |4 0  |6 983_009900000000000_PIN_1915  |7 0  |8 X  |9 336497  |a FDOBUD  |b FDOBUD  |d 2019-11-20  |i 4566424  |o 983.0099 PIN 1915  |p 4566424  |r 2019-11-20  |t 3  |w 2019-11-20  |y BK_X  |k BUD